Loading...
Beliefs | 0 | 7 | 0 | 3 | 70 | 122 | 140.43 | 0 | 2 |
Literature - World Literature | 1 | 2 | 0 | 0 | 35 | 77 | 117.67 | 1 | 1 |
Literature - European Literature | 0 | 3 | 0 | 1 | 30 | 150 | 155.67 | 0 | 0 |
Geography | 0 | 3 | 0 | 0 | 30 | 82 | 105.33 | 1 | 2 |
Fine Arts - Classical Music and Opera | 0 | 3 | 1 | 1 | 25 | 139 | 154.33 | 0 | 1 |
Literature - British Literature | 0 | 2 | 0 | 0 | 20 | 125 | 143.50 | 0 | 0 |
History - Other History | 0 | 2 | 0 | 1 | 20 | 99 | 119.50 | 0 | 1 |
Literature - American Literature | 0 | 2 | 0 | 1 | 20 | 108 | 134.00 | 0 | 0 |
Philosophy | 0 | 2 | 0 | 0 | 20 | 102 | 110.00 | 0 | 0 |
Social Science | 0 | 1 | 0 | 0 | 10 | 105 | 105.00 | 0 | 0 |
Science - Earth Science | 0 | 1 | 0 | 0 | 10 | 125 | 125.00 | 0 | 0 |
History - World History | 1 | 0 | 1 | 0 | 10 | 88 | 88.00 | 1 | 1 |
Fine Arts - Other Fine Arts | 0 | 1 | 0 | 0 | 10 | 112 | 112.00 | 0 | 0 |
Science - Other Science | 0 | 0 | 0 | 0 | 0 | 0.00 | 0 | 0 | |
Other Academic | 0 | 0 | 1 | 0 | -5 | 0.00 | 0 | 0 | |
Modern World | 0 | 0 | 1 | 0 | -5 | 0.00 | 0 | 0 | |
History - US History | 0 | 0 | 1 | 0 | -5 | 0.00 | 0 | 0 | |
Fine Arts - Visual Fine Arts | 0 | 0 | 2 | 0 | -10 | 0.00 | 0 | 0 |